000 00326 a2200121 4500
001 146592
040 _cEscola São Tomás de Aquino
100 _aBRANCO, Samuel Murgel
240 1 0 _aCurupira e o equilíbrio da natureza
_lpor
245 1 0 _aCurupira e o equilíbrio da natureza
697 _a*LITERATURA INFANTO
942 _cBK
999 _c146592
_d146592